[Event "4NCL 3 South pool A"]
[Site "Telford, ENG"]
[Date "2018.02.11"]
[Round "6.11"]
[White "Lock, Gavin R"]
[Black "Brozel, Sacha"]
[Result "0-1"]
[WhiteElo "2128"]
[BlackElo "2230"]
[PlyCount "86"]
[EventDate "2018.02.11"]

1. d4 e6 2. Nf3 Nf6 3. c4 Bb4+ 4. Nbd2 b6 5. e3 Bb7 6. Bd3 O-O 7. O-O d5 8. a3
Be7 9. b4 c5 10. dxc5 bxc5 11. b5 Nbd7 12. Bb2 Bd6 13. Qc2 Qc7 14. h3 Rac8 15.
a4 h6 16. a5 Rfe8 17. Rfe1 e5 18. e4 d4 19. Nh4 g6 20. Nf1 Nh5 21. g3 Be7 22.
Ng2 Nf8 23. Bc1 Bg5 24. Nh2 Kg7 25. Ng4 Ne6 26. h4 Bxc1 27. Qxc1 Rh8 28. Re2
Rb8 29. Qe1 Bc8 30. Nh2 g5 31. Rb2 Kh7 32. Rab1 gxh4 33. Nxh4 Rg8 34. Kh1 Qd8
35. b6 axb6 36. Rxb6 Rxb6 37. Rxb6 Nef4 38. Bf1 d3 39. Qd2 Rxg3 40. fxg3 Nxg3+
41. Kg1 Qd4+ 42. Qf2 Nge2+ 43. Bxe2 Nh3+ 0-1

[Event "4NCL 3 South pool A"]
[Site "Telford, ENG"]
[Date "2018.02.11"]
[Round "6.12"]
[White "Villiers, Thomas"]
[Black "Pleasants, Allan J"]
[Result "1/2-1/2"]
[WhiteElo "2230"]
[BlackElo "2115"]
[PlyCount "65"]
[EventDate "2018.02.11"]

1. e4 g6 2. d4 Bg7 3. Nc3 c6 4. Bc4 d5 5. exd5 b5 6. Bb3 b4 7. dxc6 Nf6 8. c7
Qxc7 9. Nd5 Nxd5 10. Bxd5 Bb7 11. Bxb7 Qxb7 12. Qf3 Nc6 13. Ne2 O-O 14. O-O
Rfd8 15. Be3 Rac8 16. Rfd1 Qd7 17. a3 bxa3 18. Rxa3 Ne5 19. Qe4 f5 20. Qf4 Rxc2
21. Nc3 Nc4 22. Rb3 e5 23. Qf3 e4 24. Qg3 Rxb2 25. Rxb2 Nxb2 26. Rb1 Bxd4 27.
Bxd4 Qxd4 28. h4 Nd3 29. Ne2 Qe5 30. Qg5 Rb8 31. Rxb8+ $11 31... Qxb8 32. Qe7
Qb6 33. Qe8+ 1/2-1/2

[Event "4NCL 3 South pool A"]
[Site "Telford, ENG"]
[Date "2018.02.11"]
[Round "6.13"]
[White "Wilson, Jaimie"]
[Black "Willmoth, Robert F"]
[Result "1/2-1/2"]
[WhiteElo "2125"]
[BlackElo "2290"]
[PlyCount "82"]
[EventDate "2018.02.11"]

1. c4 e5 2. Nc3 d6 3. Nf3 f5 4. d3 Nf6 5. e3 Be7 6. Be2 O-O 7. O-O Kh8 8. b4 a5
9. b5 Be6 10. c5 dxc5 11. Nxe5 Nbd7 12. Nxd7 Qxd7 13. Bf3 Rab8 14. Qc2 b6 15.
Bb2 Bd6 16. Rfd1 Qf7 17. Ne2 Rbe8 18. Rd2 Nd7 19. d4 cxd4 20. Nxd4 Ne5 21. Be2
Bc8 22. Nc6 Nxc6 23. Qxc6 f4 24. Rf1 fxe3 25. fxe3 Qe7 26. Rxf8+ Rxf8 27. Bd4
Bd7 28. Qd5 Be6 29. Qh5 Bf5 30. Bd3 Bxd3 31. Rxd3 Qe6 32. Rd2 Rf5 33. Qh4 Kg8
34. a4 h6 35. Qh3 Qf7 36. g3 Bb4 37. Rc2 Bd6 38. e4 Rf3 39. Qg4 h5 40. Qg5 Rf1+
41. Kg2 Qf3+ 1/2-1/2

[Event "4NCL 3 South pool A"]
[Site "Telford, ENG"]
[Date "2018.02.11"]
[Round "6.14"]
[White "Ethelontis, Alexandros N"]
[Black "Isaakidis, Alexandros"]
[Result "1-0"]
[WhiteElo "2125"]
[BlackElo "2072"]
[PlyCount "95"]
[EventDate "2018.02.11"]

1. c4 c5 2. g3 g6 3. Bg2 Bg7 4. Nc3 Nc6 5. e3 e6 6. Nge2 Nge7 7. Nf4 a6 8. Rb1
b5 9. cxb5 axb5 10. Nxb5 d5 11. a4 O-O 12. O-O Ba6 13. b3 Nb4 14. Bb2 Bxb5 15.
axb5 Qb6 16. Bxg7 Kxg7 17. Qg4 e5 18. Ne2 $11 18... Qxb5 19. Nc3 Qc6 20. Qe2
Qa6 21. Rfc1 Qxe2 22. Nxe2 Rfc8 23. Ra1 Nd3 24. Rcb1 Rxa1 25. Rxa1 Rb8 26. Nc1
Ne1 27. Ra7 Kf8 28. Kf1 Nxg2 29. Kxg2 e4 30. Rc7 Rc8 31. Rxc8+ Nxc8 32. g4 f5
33. gxf5 gxf5 34. Kg3 Kf7 35. Kh4 Kf6 36. Ne2 Ne7 37. Nc3 Ke6 38. Kg5 d4 39.
Na4 Kd6 40. h4 Kd5 41. h5 Ng8 42. Kxf5 Nh6+ 43. Kg5 Nf7+ 44. Kf6 Nh6 45. Kg7
Ng4 46. Kxh7 Nxf2 47. Kg6 Ng4 48. h6 1-0

[Event "4NCL 3 South pool A"]
[Site "Telford, ENG"]
[Date "2018.02.11"]
[Round "6.15"]
[White "McDougall, William M"]
[Black "Eden, Tomer"]
[Result "1/2-1/2"]
[WhiteElo "2048"]
[BlackElo "2185"]
[PlyCount "31"]
[EventDate "2018.02.11"]

1. d4 d5 2. Nf3 Nf6 3. c4 c6 4. e3 a6 5. Bd3 Bg4 6. Nbd2 e6 7. O-O Be7 8. b3
O-O 9. Bb2 Nbd7 10. cxd5 cxd5 11. Qe2 Rc8 12. Rfc1 Qb6 13. Qf1 Bh5 14. Rxc8
Rxc8 15. Rc1 Rc6 16. Rxc6 1/2-1/2

[Event "4NCL 3 South pool A"]
[Site "Telford, ENG"]
[Date "2018.02.11"]
[Round "6.16"]
[White "Pollack, Oscar"]
[Black "Simons, Martin J"]
[Result "1-0"]
[WhiteElo "2072"]
[BlackElo "2025"]
[PlyCount "77"]
[EventDate "2018.02.11"]

1. e4 d6 2. d4 Nf6 3. Nc3 Nbd7 4. Be3 e5 5. Nf3 Be7 6. h3 c6 7. Bd3 Qc7 8. O-O
h6 9. Ne2 Nf8 10. c4 g5 11. c5 Ng6 12. cxd6 Bxd6 13. dxe5 Nxe5 14. Nxe5 Bxe5
15. f4 gxf4 16. Nxf4 Rg8 17. Kh1 Qe7 18. Qf3 Be6 19. Nxe6 Qxe6 20. Rac1 Rg3 21.
Qf2 O-O-O 22. Bf4 Rdxd3 23. Bxg3 Rxg3 24. Qf5 Bxb2 25. Rb1 Bd4 26. Qf4 Rg6 27.
Rfd1 Nh5 28. Qd2 Ng3+ 29. Kh2 c5 30. Rbc1 Kb8 31. Qf4+ Be5 32. Rxc5 Bd6 33.
Rxd6 Qxd6 34. Qxd6+ Rxd6 35. Kxg3 b6 36. Rf5 Rg6+ 37. Kf3 Kb7 38. Rxf7+ Ka6 39.
e5 1-0

[Event "4NCL 3 South pool A"]
[Site "Telford, ENG"]
[Date "2018.02.11"]
[Round "6.21"]
[White "Nettleton, Charlie B"]
[Black "Pickard, Charles"]
[Result "1/2-1/2"]
[WhiteElo "2162"]
[BlackElo "2177"]
[PlyCount "112"]
[EventDate "2018.02.11"]

1. d4 d5 2. Nc3 f5 3. e4 dxe4 4. f3 Nf6 5. Bg5 c6 6. Bc4 Qb6 7. Qd2 Na6 8. fxe4
fxe4 9. Nge2 Nc7 10. O-O Qb4 11. Bb3 Be6 12. Nxe4 Qxd2 13. Nxd2 O-O-O 14. Nf3
Ncd5 15. Nf4 Bg8 16. Rfe1 g6 17. c4 Nc7 18. Rac1 Bf7 19. Ne5 Be8 20. d5 Rd6 21.
c5 Rxd5 22. Nxd5 Nfxd5 23. Nf3 Bd7 24. Bxd5 Nxd5 25. Bh4 Bh6 26. Bg5 Bf8 27. h3
Bg7 28. Bxe7 Bxb2 29. Rc2 Ba3 30. Nd4 b6 31. Bd6 Nb4 32. Rd2 Na6 33. Nc2 Bxc5+
34. Bxc5 Nxc5 35. Re7 h5 36. Nb4 a5 37. Nd3 Nxd3 38. Rxd3 Rd8 39. Kf2 b5 40.
Ke3 Bf5 41. Rxd8+ Kxd8 42. Ra7 a4 43. Kd4 Bd7 44. Ke5 Ke7 45. a3 c5 46. Rb7 g5
47. Kd5 b4 48. axb4 cxb4 49. Rxb4 a3 50. Rb6 a2 51. Ra6 Bc8 52. Ra5 Bb7+ 53.
Ke5 Bxg2 54. Ra7+ Kd8 55. Kf6 Bxh3 56. Kxg5 Bg4 1/2-1/2

[Event "4NCL 3 South pool A"]
[Site "Telford, ENG"]
[Date "2018.02.11"]
[Round "6.22"]
[White "Hall, John"]
[Black "Stanisz, Patryk"]
[Result "1-0"]
[WhiteElo "2252"]
[BlackElo "2164"]
[PlyCount "55"]
[EventDate "2018.02.11"]

1. e4 c6 2. d4 d5 3. exd5 cxd5 4. c4 Nf6 5. Nc3 Nc6 6. Bg5 e6 7. c5 h6 8. Bxf6
gxf6 9. Nf3 e5 10. Bb5 Be6 11. Qa4 Qc7 12. O-O e4 13. Nd2 f5 14. Nc4 O-O-O 15.
Bxc6 bxc6 16. Ne5 Kb7 17. b4 a6 18. b5 axb5 19. Nxb5 cxb5 20. Qxb5+ Kc8 21.
Rfb1 Rd7 22. Qa6+ Kd8 23. Nc6+ Ke8 24. Qa8+ Rd8 25. Nxd8 Qxd8 26. Rb8 Be7 27.
Rxd8+ Bxd8 28. Rb1 1-0

[Event "4NCL 3 South pool A"]
[Site "Telford, ENG"]
[Date "2018.02.11"]
[Round "6.23"]
[White "Rich, Mark C"]
[Black "Mossong, Hubert"]
[Result "1/2-1/2"]
[WhiteElo "2083"]
[BlackElo "2095"]
[PlyCount "96"]
[EventDate "2018.02.11"]

1. e4 c5 2. Nc3 Nc6 3. f4 g6 4. Nf3 Bg7 5. Bb5 Nd4 6. O-O a6 7. Bd3 e6 8. Nxd4
cxd4 9. Ne2 d5 10. e5 Qb6 11. Qe1 Ne7 12. b3 Nc6 13. Ba3 Bd7 14. Qh4 Qd8 15.
Qf2 Qb6 16. Bb2 Bf8 17. c3 Be7 18. Kh1 h5 19. Nxd4 Nxd4 20. cxd4 O-O-O 21.
Rfc1+ Kb8 22. Be2 Rc8 23. Qe3 Rxc1+ 24. Rxc1 Rc8 25. Rxc8+ Kxc8 26. g3 Kb8 27.
Bc3 Qc7 28. Bd3 a5 29. Qe2 Qb6 30. Qd1 Ka7 31. Kg2 Bb5 32. Bxb5 Qxb5 33. Qf1
Ka6 34. Qxb5+ Kxb5 35. a4+ Ka6 36. h3 b5 37. Kf3 Kb6 38. g4 Bh4 39. d3 b4 40.
Bd2 hxg4+ 41. hxg4 41... Be7 $11 42. Be1 Kc6 43. Kg2 Kd7 44. Kh3 Bd8 45. Bh4
Bb6 46. Bf2 Bd8 47. Kg3 Bc7 48. Be3 Bd8 1/2-1/2

[Event "4NCL 3 South pool A"]
[Site "Telford, ENG"]
[Date "2018.02.11"]
[Round "6.24"]
[White "Taylor, Mark V"]
[Black "Chan, Nevil"]
[Result "1/2-1/2"]
[WhiteElo "1945"]
[BlackElo "2007"]
[PlyCount "29"]
[EventDate "2018.02.11"]

1. f4 b6 2. Nf3 Bb7 3. e3 e6 4. Be2 Nf6 5. b3 Be7 6. Bb2 O-O 7. O-O a5 8. a4 d6
9. Na3 Nbd7 10. Nc4 Nc5 11. Nd4 Nd5 12. Bf3 Qd7 13. g3 f5 14. Qe2 Nf6 15. Bxb7
1/2-1/2

[Event "4NCL 3 South pool A"]
[Site "Telford, ENG"]
[Date "2018.02.11"]
[Round "6.25"]
[White "Starley, Robert"]
[Black "Hickman, John E"]
[Result "1-0"]
[WhiteElo "2080"]
[BlackElo "1922"]
[PlyCount "43"]
[EventDate "2018.02.11"]

1. e4 d6 2. d4 Nf6 3. Nc3 c6 4. Bg5 Nbd7 5. Nf3 e5 6. Bc4 b5 7. dxe5 dxe5 8.
Bxf7+ Kxf7 9. Nxe5+ Ke8 10. Nxc6 Qb6 11. Nd4 Bc5 12. Be3 Bb7 13. O-O Nxe4 14.
Nxe4 Bxe4 15. Re1 Kf7 16. Nb3 Bf5 17. Nxc5 Nxc5 18. Qd5+ Be6 19. Qf3+ Ke7 20.
Bg5+ Kd7 21. Rad1+ Kc7 22. Bf4+ 1-0

[Event "4NCL 3 South pool A"]
[Site "Telford, ENG"]
[Date "2018.02.11"]
[Round "6.26"]
[White "Bourne, Iain"]
[Black "Gooding, Ian"]
[Result "0-1"]
[WhiteElo "1870"]
[BlackElo "2007"]
[PlyCount "58"]
[EventDate "2018.02.11"]

1. d4 d5 2. c4 c6 3. Nf3 Nf6 4. Qc2 g6 5. cxd5 cxd5 6. Nc3 Bg7 7. Bf4 O-O 8. e3
Nc6 9. h3 Qb6 10. g4 Be6 11. Be2 Rac8 12. O-O h5 13. Ng5 Nb4 14. Qb3 hxg4 15.
Na4 Qa5 16. Nxe6 fxe6 17. hxg4 Ne4 18. a3 Nc2 19. Rac1 Qd2 20. Qd3 Bxd4 21.
Rfd1 Qxd3 22. Bxd3 Nxf2 23. Rxc2 Rxc2 24. Bxc2 Nxd1 25. Bxd1 Rxf4 26. exd4 Rxd4
27. Nc3 Rd2 28. Bf3 Rxb2 29. Ne2 Rb3 0-1

[Event "4NCL 3 South pool A"]
[Site "Telford, ENG"]
[Date "2018.02.11"]
[Round "6.31"]
[White "Cocks, Elliot"]
[Black "Brown, Thomas"]
[Result "1/2-1/2"]
[WhiteElo "2078"]
[BlackElo "2085"]
[PlyCount "41"]
[EventDate "2018.02.11"]

1. Nf3 g6 2. c4 Bg7 3. e4 d6 4. Nc3 Nf6 5. d4 O-O 6. Be2 e5 7. Be3 exd4 8. Nxd4
Re8 9. f3 c6 10. O-O d5 11. cxd5 Nxd5 12. Nxd5 cxd5 13. Qb3 dxe4 14. Rad1 Qe7
15. fxe4 Qxe4 16. Qxf7+ Kh8 17. Bf2 Rf8 18. Bf3 Rxf7 19. Bxe4 Bg4 20. Rd2 Na6
21. Nb3 1/2-1/2

[Event "4NCL 3 South pool A"]
[Site "Telford, ENG"]
[Date "2018.02.11"]
[Round "6.32"]
[White "Trevelyan, John"]
[Black "Myall, Ivan J"]
[Result "0-1"]
[WhiteElo "2034"]
[BlackElo "2042"]
[PlyCount "86"]
[EventDate "2018.02.11"]

1. e4 e5 2. Nf3 Nc6 3. Bb5 Bc5 4. c3 f5 5. d4 fxe4 6. Bxc6 dxc6 7. Nfd2 Bb6 8.
Qh5+ Kf8 9. Qxe5 Qf6 10. Nxe4 Qxe5 11. dxe5 Bf5 12. Ng3 Bd3 13. Bf4 Ne7 14. Ne2
Ng6 15. Bg3 Re8 16. f4 Be4 17. Kf1 Rd8 18. Na3 Ke8 19. Nc4 Rf8 20. Nxb6 axb6
21. Ke1 Bxg2 22. Rg1 Bh3 23. Rd1 Rxd1+ 24. Kxd1 c5 25. Kd2 Kd7 26. Ke3 Kc6 27.
c4 Be6 28. b3 b5 29. cxb5+ Kxb5 30. Be1 Kc6 31. Nc3 Ne7 32. Bg3 Nf5+ 33. Ke4 g6
34. Rd1 $11 34... Ra8 35. Bf2 b5 36. Rc1 c4 37. b4 Rxa2 38. Kf3 Rb2 39. Rb1 Rc2
40. Nd1 h5 41. Ne3 Rc3 42. Ke4 Rxe3+ 43. Bxe3 Bd5# 0-1

[Event "4NCL 3 South pool A"]
[Site "Telford, ENG"]
[Date "2018.02.11"]
[Round "6.33"]
[White "Brown, David"]
[Black "Heaven, Pete"]
[Result "1/2-1/2"]
[WhiteElo "1959"]
[BlackElo "2024"]
[PlyCount "51"]
[EventDate "2018.02.11"]

1. e4 c5 2. Nf3 d6 3. Nc3 Nf6 4. d4 cxd4 5. Nxd4 a6 6. Be2 e5 7. Nb3 Be7 8. O-O
O-O 9. Kh1 Be6 10. f4 exf4 11. Bxf4 Nc6 12. Nd4 d5 13. exd5 Nxd4 14. dxe6 Nxe6
15. Qxd8 Rfxd8 16. Be3 Nd4 17. Bd3 Rac8 18. Rad1 Ne6 19. Bf5 Rc6 20. Rxd8+ Bxd8
21. Rd1 Bb6 22. Bxe6 Rxe6 23. Bxb6 Rxb6 24. b3 g6 25. Rd3 Kg7 26. Kg1 1/2-1/2

[Event "4NCL 3 South pool A"]
[Site "Telford, ENG"]
[Date "2018.02.11"]
[Round "6.34"]
[White "Ralphs, Nigel"]
[Black "Sheerin, Alex"]
[Result "1/2-1/2"]
[WhiteElo "2003"]
[BlackElo "1930"]
[PlyCount "130"]
[EventDate "2018.02.11"]

1. Nf3 d6 2. d4 Nf6 3. c4 g6 4. Nc3 Bg7 5. e4 O-O 6. Be2 e5 7. O-O Nc6 8. d5
Ne7 9. b4 Nd7 10. Ne1 f5 11. f3 f4 12. Nd3 g5 13. c5 Nf6 14. cxd6 cxd6 15. Bd2
h5 16. Nf2 Kh8 17. a4 Neg8 18. Rc1 Nh6 19. h3 Rf7 20. Nb5 a6 21. Na3 Bf8 22.
Nc4 Rg7 23. a5 g4 24. hxg4 hxg4 25. Nb6 gxf3 26. Bxf3 Rb8 27. Nxc8 Rxc8 28. Qe2
Nf7 29. Rxc8 Qxc8 30. Rc1 Qd8 31. Kf1 Rg3 32. Qc4 Ng5 33. Qc8 Qxc8 34. Rxc8 Kg8
35. Ke2 Nxf3 36. gxf3 Rg2 37. Kf1 Rg3 38. Ke2 Rg2 39. Be1 Nh7 40. Rc7 Rg7 41.
Rxg7+ Bxg7 42. Nh3 Bf6 43. Kd3 Kf7 44. Kc4 Ng5 45. Nxg5+ Bxg5 46. b5 Kg6 47.
bxa6 bxa6 48. Kd3 Kh5 49. Ke2 Bh4 50. Bb4 Be7 51. Kf2 Kh4 52. Kg2 Kg5 53. Kh3
Kh5 54. Kh2 Bf8 55. Be1 Be7 56. Bf2 Bd8 57. Bb6 Be7 58. Kh3 Kg5 59. Bc7 Kh5 60.
Bb6 Bf6 61. Bc7 Be7 62. Bb8 Kg5 63. Ba7 Kh5 64. Bf2 Bd8 65. Be1 Bf6 1/2-1/2

[Event "4NCL 3 South pool A"]
[Site "Telford, ENG"]
[Date "2018.02.11"]
[Round "6.35"]
[White "Hall, Antony C"]
[Black "Hatchett, Paul"]
[Result "1/2-1/2"]
[WhiteElo "1930"]
[BlackElo "1982"]
[PlyCount "36"]
[EventDate "2018.02.11"]

1. e4 Nf6 2. Nc3 e5 3. f4 d5 4. exd5 exf4 5. Nf3 c6 6. d4 Bd6 7. Qe2+ Be7 8.
Bxf4 O-O 9. O-O-O cxd5 10. h3 Nc6 11. g4 Re8 12. Qh2 Bb4 13. Nb5 Qa5 14. Kb1
Ne4 15. c3 a6 16. cxb4 Qxb4 17. Nc7 Nc3+ 18. Kc2 Nxd1 1/2-1/2

[Event "4NCL 3 South pool A"]
[Site "Telford, ENG"]
[Date "2018.02.11"]
[Round "6.36"]
[White "Bevan, Peter M"]
[Black "Woodcock, Keith D"]
[Result "1-0"]
[WhiteElo "1920"]
[BlackElo "1735"]
[PlyCount "91"]
[EventDate "2018.02.11"]

1. c4 e5 2. g3 d5 3. cxd5 Qxd5 4. Nf3 e4 5. Nc3 Qc6 6. Nd4 Qc5 7. Nb3 Qe5 8.
Bg2 Nf6 9. d4 exd3 10. Qxd3 Bb4 11. O-O O-O 12. Bf4 Qe7 13. Rfd1 a5 14. a3 Bxc3
15. Qxc3 Qxe2 16. Rd2 Qh5 17. Bxc7 Bh3 18. Bxb7 Ra7 19. Bh1 Nbd7 20. Bd6 Re8
21. Qd4 Ra6 22. Nc5 Nxc5 23. Qxc5 Bf5 24. f3 Qh6 25. Bf4 Qg6 26. Rad1 h5 27.
Rd8 Ra8 28. Rxa8 Rxa8 29. h4 Bd3 30. Qg5 Bc2 31. Qxg6 Bxg6 32. Be5 Ne8 33. f4
Rc8 34. Bb7 Rc5 35. Kf2 f6 36. Bc3 Bf5 37. Rd5 Rxd5 38. Bxd5+ Kh7 39. Bxa5 Nd6
40. Ke3 g6 41. Bb4 Nb5 42. a4 Nc7 43. Kd4 Kg7 44. Bd6 Nxd5 45. Kxd5 Kf7 46. b4
1-0

[Event "4NCL 3 South pool A"]
[Site "Telford, ENG"]
[Date "2018.02.11"]
[Round "6.41"]
[White "Britton, Richard L"]
[Black "Davies, Peter"]
[Result "1-0"]
[WhiteElo "2255"]
[BlackElo "1988"]
[PlyCount "193"]
[EventDate "2018.02.11"]

1. Nf3 Nf6 2. g3 b6 3. Bg2 Bb7 4. O-O e6 5. d3 Be7 6. e4 d6 7. Nh4 Nfd7 8. Nf3
Nf6 9. Re1 Nbd7 10. Nbd2 c5 11. b3 Qc7 12. Bb2 O-O 13. h4 Ne8 14. c3 Bf6 15. d4
e5 16. Rc1 Rd8 17. d5 Bc8 18. Nh2 g6 19. Ndf1 Ng7 20. Ng4 Be7 21. Nh6+ Kh8 22.
c4 f5 23. exf5 Nxf5 24. Nxf5 gxf5 25. Qd2 Bf6 26. f4 Rde8 27. Ne3 Bg7 28. Bh3
Nb8 29. Rf1 Kg8 30. Rce1 exf4 31. gxf4 Bxb2 32. Qxb2 Qg7+ 33. Qxg7+ Kxg7 34.
Nxf5+ Bxf5 35. Rxe8 Bxh3 36. Rfe1 Nd7 37. R1e7+ Rf7 38. h5 Rxe7 39. Rxe7+ Kh6
40. Kh2 Bf5 41. Rf7 Bg4 42. Kg3 42... Kxh5 $11 43. f5 Ne5 44. Rxh7+ Kg5 45.
Rg7+ Kxf5 46. Rxa7 Kg5 47. Rg7+ Kh5 48. Rb7 Nd7 49. Kf4 Bh3 50. Rc7 Kg6 51. Rc6
Kf6 52. Rxd6+ Ke7 53. Rh6 Bf1 54. Re6+ Kd8 55. a4 Kc7 56. Re3 Kd6 57. Rf3 Be2
58. Rh3 Bd1 59. Rd3 Bc2 60. Rc3 Bb1 61. Rc1 Bd3 62. Ke3 Bf5 63. Kd2 Be4 64. Kc3
Ne5 65. Re1 Bf3 66. Rf1 Bg4 67. Rf6+ Kc7 68. a5 bxa5 69. Ra6 Nd7 70. Rxa5 Kd6
71. b4 cxb4+ 72. Kd4 Bf3 73. c5+ Kc7 74. Rb5 Nf6 75. d6+ Kd7 76. Rxb4 Bc6 77.
Rb1 Ne4 78. Rg1 Nf6 79. Ke5 Nd5 80. Rg7+ Kd8 81. Rh7 Nb4 82. Rh4 Nd3+ 83. Kd4
Nb4 84. Rh2 Nd5 85. Rf2 Nb4 86. Rf5 Nc2+ 87. Kd3 Nb4+ 88. Kc4 Nc2 89. Rf8+ Kd7
90. Rf7+ Kd8 91. Rc7 Bf3 92. c6 Ne3+ 93. Kc5 Ng4 94. Rd7+ Ke8 95. Re7+ Kf8 96.
Re1 Bxc6 97. Kxc6 1-0

[Event "4NCL 3 South pool A"]
[Site "Telford, ENG"]
[Date "2018.02.11"]
[Round "6.42"]
[White "Adams, Mark"]
[Black "Mackle, Dominic"]
[Result "1-0"]
[WhiteElo "1935"]
[BlackElo "2190"]
[PlyCount "55"]
[EventDate "2018.02.11"]

1. e4 c5 2. Nf3 d6 3. d4 cxd4 4. Nxd4 Nf6 5. f3 g6 6. c4 Bg7 7. Be3 O-O 8. Nc3
a6 9. Qd2 Nc6 10. Rc1 Bd7 11. Be2 Rc8 12. O-O Ne5 13. b3 Be8 14. Rfd1 Nfd7 15.
Bf1 Nc5 16. Qf2 Bd7 17. Qd2 f5 18. exf5 gxf5 19. Nd5 Nf7 20. b4 Na4 21. Nb3 e5
22. c5 Bc6 23. Bc4 Kh8 24. Rc2 dxc5 25. Nxc5 Qe8 26. Bb3 Rd8 27. Qc1 Nb6 28.
Nxb6 1-0

[Event "4NCL 3 South pool A"]
[Site "Telford, ENG"]
[Date "2018.02.11"]
[Round "6.43"]
[White "Cenal Gutierrez, Ruben"]
[Black "Fletcher, John"]
[Result "1-0"]
[WhiteElo "2146"]
[BlackElo "1943"]
[PlyCount "85"]
[EventDate "2018.02.11"]

1. d4 Nf6 2. Bg5 Ne4 3. Bh4 d5 4. e3 Nd7 5. Bd3 Ndf6 6. Ne2 g6 7. f3 Nd6 8. g4
c5 9. c3 Qb6 10. b3 Bg7 11. Nf4 Be6 12. Bf2 cxd4 13. exd4 Nb5 14. Qe2 Nc7 15.
Nd2 Rc8 16. a4 O-O 17. O-O Rfe8 18. a5 Qc6 19. Rac1 b5 20. Nxe6 Nxe6 21. Be3 a6
22. f4 Ne4 23. Bxe4 dxe4 24. f5 Nf8 25. c4 bxc4 26. bxc4 Qc7 27. Nb3 Rb8 28.
Qc2 Rbc8 29. Qxe4 Nd7 30. fxg6 hxg6 31. g5 Qc6 32. Qxc6 Rxc6 33. Nd2 Rb8 34.
Rb1 Rd6 35. Rxb8+ Nxb8 36. d5 Rd8 37. Ne4 Nd7 38. c5 Ne5 39. c6 Nc4 40. Bc5
Rxd5 41. c7 Rxc5 42. Nxc5 Nd6 43. Rd1 1-0

[Event "4NCL 3 South pool A"]
[Site "Telford, ENG"]
[Date "2018.02.11"]
[Round "6.44"]
[White "Hughes, Anthony"]
[Black "Chin, Francis"]
[Result "1-0"]
[WhiteElo "1911"]
[BlackElo "2072"]
[PlyCount "99"]
[EventDate "2018.02.11"]

1. d4 d5 2. c4 e6 3. Nc3 c6 4. Nf3 Nf6 5. cxd5 exd5 6. Bg5 Be7 7. Qc2 Bg4 8. e3
Nbd7 9. Bd3 Bh5 10. h3 Bg6 11. Bf4 O-O 12. O-O a5 13. Rac1 Re8 14. Bxg6 hxg6
15. Rce1 Rc8 16. Rd1 Bf8 17. Ne5 Qe7 18. Rfe1 Qe6 19. Nxd7 Qxd7 20. f3 Bd6 21.
Bxd6 Qxd6 22. e4 dxe4 23. fxe4 Qg3 24. Qf2 Qg5 25. e5 Nd5 26. Ne4 Qe7 27. Nd6
Rcd8 28. Nxe8 Rxe8 29. Rf1 Qe6 30. Rd3 Re7 31. Rf3 Nc7 32. a3 Qd7 33. Qd2 Ne6
34. Rd3 Qd5 35. b4 axb4 36. axb4 Rd7 37. Rd1 Nc7 38. Qf4 Ne6 39. Qe3 Qc4 40.
Qd2 Rd5 41. Rc1 Qb5 42. Ra1 Qb6 43. Ra8+ Kh7 44. Qf2 Rxd4 45. Rxd4 Qxd4 46.
Qxd4 Nxd4 47. Ra7 b5 48. Rxf7 g5 49. Rf1 Kg6 50. Rf2 1-0

[Event "4NCL 3 South pool A"]
[Site "Telford, ENG"]
[Date "2018.02.11"]
[Round "6.45"]
[White "Walker, Nicholas P"]
[Black "Dixon, Chris"]
[Result "1-0"]
[WhiteElo "2121"]
[BlackElo "1806"]
[PlyCount "133"]
[EventDate "2018.02.11"]

1. Nf3 Nf6 2. b3 g6 3. Bb2 d6 4. e4 Bg7 5. g3 O-O 6. Qe2 e5 7. Bg2 Nc6 8. O-O
Bg4 9. h3 Bxf3 10. Qxf3 Qe7 11. Na3 a6 12. c3 Rad8 13. Nc2 Rfe8 14. Ne3 Qd7 15.
Rad1 Qc8 16. Rfe1 Nb8 17. Ng4 Nxg4 18. hxg4 c5 19. g5 Nc6 20. Kh2 Qe6 21. Qe3
Qe7 22. f4 h6 23. gxh6 Bxh6 24. Qf2 Qf6 25. Rf1 g5 26. fxg5 Qxf2 27. Rxf2 Bxg5
28. Rf5 f6 29. d4 Kg7 30. d5 Ne7 31. Rf3 Rh8+ 32. Kg1 Rh6 33. a4 b6 34. Kf2
Rhh8 35. Kg1 Ra8 36. Bc1 Bxc1 37. Rxc1 Raf8 38. b4 a5 39. bxc5 bxc5 40. Rb1 Rb8
41. Rff1 Rhc8 42. Bh3 Rh8 43. Be6 c4 44. Rb5 Rxb5 45. axb5 Rb8 46. Rb1 Nc8 47.
Bxc8 Rxc8 48. Ra1 Kg6 49. Kf2 Kg5 50. Rxa5 Rc5 51. Kf3 f5 52. Ra4 fxe4+ 53.
Kxe4 Rxb5 54. Rxc4 Rb1 55. Rc6 Re1+ 56. Kd3 Rg1 57. Rxd6 Rxg3+ 58. Kd2 e4 59.
c4 Kf4 60. Re6 Rd3+ 61. Kc2 Ke3 62. d6 Rd4 63. Kc3 Rd3+ 64. Kb4 Kf3 65. c5 e3
66. c6 e2 67. Rxe2 1-0

[Event "4NCL 3 South pool A"]
[Site "Telford, ENG"]
[Date "2018.02.11"]
[Round "6.46"]
[White "Goldrick, Thomas G"]
[Black "Jones, Zebedee"]
[Result "1-0"]
[WhiteElo "1797"]
[BlackElo "1564"]
[PlyCount "117"]
[EventDate "2018.02.11"]

1. e4 e6 2. d3 d5 3. Nd2 Nf6 4. Ngf3 Bc5 5. e5 Nfd7 6. d4 Be7 7. c3 c5 8. Be2
Nc6 9. O-O O-O 10. Re1 f6 11. exf6 Bxf6 12. Bb5 Re8 13. Bxc6 bxc6 14. Ne5 Bxe5
15. dxe5 Rf8 16. Qg4 Nb6 17. Nf3 Qe8 18. b3 Qg6 19. Qxg6 hxg6 20. Ba3 Nd7 21.
Ng5 Re8 22. Nh3 a5 23. Nf4 Kf7 24. Nd3 c4 25. bxc4 dxc4 26. Nb2 Ba6 27. Bd6 Nb6
28. Re4 a4 29. a3 Rh8 30. Rc1 Rh5 31. Rf4+ Rf5 32. Re4 Rc8 33. g4 Rf3 34. Kg2
Rd3 35. Nxd3 cxd3 36. Kg3 Nc4 37. Rf4+ Kg8 38. Rd4 c5 39. Rxd3 Nxe5 40. Rdd1
Nc4 41. Ra1 Rc6 42. Bf4 e5 43. Be3 Rf6 44. Bxc5 Bb7 45. Rd8+ Kh7 46. Rf8 Rc6
47. Bb4 Rc7 48. Rd1 g5 49. h4 gxh4+ 50. Kxh4 Kg6 51. Rdd8 e4 52. Rde8 Nd2 53.
Re6+ Kh7 54. Kg3 Nf1+ 55. Kf4 g5+ 56. Kxg5 Rg7+ 57. Kh4 Nh2 58. Re7 Nf3+ 59.
Kg3 1-0